• 首页
  • 本馆介绍
  • 公告通知
  • 最新文献
  • 馆藏检索
  • 电子资源
  • 读者导购
  • 参考咨询
  • 我的图书馆
  • 登录
  • 详细信息显示
  • 放入我的书架
  • 预约/预借图书
  • 作者相关作品
  • 分类相关作品
  • 丛书相关作品
  • 出版社相关作品

书目信息

  • 表格格式
  • 工作单格式
  • 卡片格式
题名:
文化:历史的投影
    
 
作者: 菲利普·巴格比 ;夏克
分册:  
出版信息: 上海   上海人民出版社  1987
页数:
开本:
丛书名: 文化新视野丛书
单 册:
中图分类: G2
科图分类:
主题词: 信息 , 知识--传播
电子资源:
ISBN: 7-208-00037-9
000 00636nam0 2200217 450
001 0735257515
005 20070904094737.51
010    @a7-208-00037-9@d2.20
100    @a20070904d km y0chiy0120 ea
101 0  @achi
200 1  @a文化:历史的投影@Awen hua:li shi de tou ying@f菲利普.巴格比@Ffei li pu.ba ge bi@g夏克等@Gxia ke deng
210    @a上海@c上海人民出版社@d1987
225 2  @a文化新视野丛书
410  0 @12001 @a文化新视野丛书
606 0  @a信息
606 0  @a知识@x传播
690    @aG2@v3
701  0 @a菲利普·巴格比@Afei li pu·ba ge bi
702  0 @a夏克@Axia ke
801  0 @aCN@bPFT@c20070904
905    @a213230@dG2@ea15@f1
    
    文化:历史的投影/菲利普.巴格比/夏克等.-上海:上海人民出版社,1987
    (文化新视野丛书)
    
    
    ISBN 7-208-00037-9:2.20
    
●
相关链接 在E读中查询图书 在五车中查询图书 在当当中查询图书 在豆瓣中查询图书


正题名:文化:历史的投影     索取号:G2/a15         预约/预借

序号 登录号 条形码 馆藏地/架位号 状态 备注
1 7503387   275033875   密集书库-史法系/ [索取号:G2/a15] 在馆    
唐山师范学院图书馆 欢迎您!
大连网信软件有限公司© 版权所有